The governance of risk

Bibliographic Details
Corporate Author: ProQuest (Firm)
Other Authors: Aras, Guler., Crowther, David.
Format: Electronic eBook
Language:English
Published: Bradford : Emerald Group Publishing Limited, 2013.
Series:Developments in Corporate Governance and Responsibility.
Subjects:
Online Access:Click to View
LEADER 01369nam a2200373Ia 4500
001 EBC1170010
003 MiAaPQ
005 20200520144314.0
006 m o d |
007 cr cn|||||||||
008 130418s2013 enk s 000 0 eng d
020 |z 9781781907818 
020 |z 9781781907818 
035 |a (MiAaPQ)EBC1170010 
035 |a (Au-PeEL)EBL1170010 
035 |a (CaPaEBR)ebr10687768 
035 |a (CaONFJC)MIL477947 
035 |a (OCoLC)840922560 
040 |a MiAaPQ  |c MiAaPQ  |d MiAaPQ 
050 4 |a HD2741  |b .G68 2013 
245 0 4 |a The governance of risk  |h [electronic resource] /  |c David Crowther, Guler Aras, editors. 
260 |a Bradford :  |b Emerald Group Publishing Limited,  |c 2013. 
300 |a 255 p. 
490 1 |a Developments in Corporate Governance and Responsibility ;  |v v.5 
533 |a Electronic reproduction. Ann Arbor, MI : ProQuest, 2015. Available via World Wide Web. Access may be limited to ProQuest affiliated libraries. 
650 0 |a Corporate governance. 
650 0 |a Risk management. 
650 0 |a Sustainable development. 
655 4 |a Electronic books. 
700 1 |a Aras, Guler. 
700 1 |a Crowther, David. 
710 2 |a ProQuest (Firm) 
830 0 |a Developments in Corporate Governance and Responsibility. 
856 4 0 |u https://ebookcentral.proquest.com/lib/matrademy/detail.action?docID=1170010  |z Click to View